00654cam a22002173a 45000010005000000030006000050050017000110080041000280400015000690420007000840500007000910500007000981000031001052450126001362600029002625060030002915160020003216530026003418300028003678560041003956907PGUSA20140828083138.0041101s2004||||xxu|||||s|||||000 1 eng d aPGUSAbeng adc 4aPS 4aHC1 aPotter, Austin,d1842-191310aFrom Wealth to Poverty; Or, the Tricks of the Traffic. A Story of the Drink Curseh[electronic resource] /cAustin Potter bProject Gutenberg,c2004 aPublic domain in the USA. aElectronic text aTemperance -- Fiction 0aProject Gutenbergv690740uhttp://www.gutenberg.org/ebooks/6907